000 00556nam a2200133Ia 4500
008 100328s9999 xx 000 0 und d
082 _b59233
100 _aजोशी विद्याार.
245 _aप्रेमाची सावली (संमिश्र एकांकिका).
260 _bआभा.
630 _aप्रेमाची सावली (संमिश्र एकांकिका).
730 _aप्रेमाची सावली (संमिश्र एकांकिका).
942 _cBOOK
999 _c545482
_d545479